000 00642nam a2200241Ia 4500
003 OSt
005 20220918192609.0
006 a|||||r|||| 00| 0
007 ta
008 220917b |||||||| |||| 00| 0 eng d
024 _a69,236
037 _cTextual
040 _aARTS
_cARTS
_beng
041 _2eng
_aeng
082 _aQ4vN.1, L3 (Q4)
100 _aBanerjee Anukul Chandra
245 0 _aBuddhism in India and abroad
260 _aCalcutta
_bWorld Press
_c1973
300 _avii,263p.
_ccm.
650 _aRELIGION
942 _hQ4vN.1, L3 (Q4)
_cTEXL
_2CC
999 _c195399
_d195399